000 01704nam a2200445 c 4500
999 _c48816
_d48816
001 48816
003 ES-MaCES
005 20180118122043.0
007 cr |||||||||||
008 170203s2016 lu r m000 | eng d
020 _a9789289715584
020 _a9789289715591 (web)
040 _aES-MaCES
_bspa
_cES-MaCES
100 1 _937749
_aFóti, Klára
245 0 0 _aApproaches to the labour market integration of refugees and asylum seekers
_hRecurso electrónico
_c[authors, Klára Fóti and Andrea Fromm] ; Eurofound, European Foundation for the Improvement of Living and Working Conditions
260 _aLuxembourg
_bPublications Office of the European Union
_c2016
300 _a1 documento pdf
_c(497 kb)
490 1 _aResearch Report
504 _aBibliografía: p. 47-48
541 _cGratuito
650 4 _arefugiado
_928638
650 4 _aderecho de asilo
_931135
650 4 _apersona desplazada
_930658
650 4 _amercado de trabajo
_928292
650 4 _aempleo
_928299
650 4 _ainserción profesional
_929942
650 4 _aintegración social
_927283
650 4 _areforma legislativa
_929892
650 4 _apolítica comunitaria
_930776
650 4 _aUE
_926752
650 4 _apaís de la UE
_929020
650 4 _aplan de acción
_930406
653 1 0 _aEmpleo
700 1 _937750
_aFromm, Andrea
710 2 _93819
_aFundación Europea para la Mejora de las Condiciones de Vida y de Trabajo
830 0 _937741
_aResearch Report (Fundación Europea para la Mejora de las Condiciones de Vida y de Trabajo)
856 4 _uhttp://biblioteca.ces.es/repintra/B48816.pdf
_ytexto completo
_z[intranet]
902 _aELE PUB. ELECTRONICA
942 _2CES
_cBK
_h2.1.